Catálogo

ALIMENTOS TRANSGENICOS. : (Registro nro. 56813)

Detalles MARC
000 -LEADER
fixed length control field 01075nam a2200217 a 4500
001 - CONTROL NUMBER
control field 56813
005 - DATE AND TIME OF LATEST TRANSACTION
control field 20180714052740.0
008 - FIXED-LENGTH DATA ELEMENTS--GENERAL INFORMATION
fixed length control field 140415s2004 mx 000 0 spa d
020 ## - INTERNATIONAL STANDARD BOOK NUMBER
International Standard Book Number 9682325447
041 ## - LANGUAGE CODE
Language code of text/sound track or separate title spa
082 ## - DEWEY DECIMAL CLASSIFICATION NUMBER
Classification number 664.0240972
Item number MUÑ
245 00 - TITLE STATEMENT
Title ALIMENTOS TRANSGENICOS. :
Remainder of title CIENCIA , AMBIENTE Y MERCADO: UN DEBATE ABIERTO
250 ## - EDITION STATEMENT
Edition statement 1a ed.
260 ## - PUBLICATION, DISTRIBUTION, ETC.
Place of publication, distribution, etc. MEXICO :
Name of publisher, distributor, etc. SIGLO XXI EDITORES,
Date of publication, distribution, etc. 2004
300 ## - PHYSICAL DESCRIPTION
Extent 232
Dimensions 13.5 x 1.7 x 21
490 ## - SERIES STATEMENT
Series statement CUADERNOS DEL SEMINARIO DE PROBLEMAS CIENTIFICOS Y FILOSOFICOS DE LA UNAM
500 ## - GENERAL NOTE
General note JULIO MUÑOZ RUBIO ES COORDINADOR EN ESTA OBRA
520 ## - SUMMARY, ETC.
Summary, etc. EN ESTE LIBRO ES PRACTICAMENTE LA PRIMERA VEZ EN LA QUE SE LOGRA REUNIR LAS CONTRIBUCIONES DE LA MAYORIA DE LOS PRINCIPALES ESTUDIOS DEL PROBLEMA DE LOS ALIMENTOS TRANSGENICOS EN MEXICO. EN EL ESTAN REPRESENTADAS LAS DIVERSAS POSICIONES QUE AL RESPECTO SE ESTEN MANIFESTANDO EN NUESTRO PAIS.
650 14 - SUBJECT ADDED ENTRY--TOPICAL TERM
Topical term or geographic name entry element BIOTECNOLOGIA
General subdivision ALIMENTOS
-- TECNOLOGIA DE ALIMENTOS
-- INGENIERIA GENETICA
-- SALUD PUBLICA
-- MEXICO
700 1# - ADDED ENTRY--PERSONAL NAME
Personal name MUÑOZ RUBIO, JULIO
Relator term coaut.
Existencias
Withdrawn status Lost status Source of classification or shelving scheme Damaged status Not for loan Collection code Home library Current library Shelving location Date acquired Source of acquisition Inventory number Total Checkouts Full call number Barcode Date last seen Date last checked out Price effective from Koha item type
    Dewey Decimal Classification     General Biblioteca Karol Wojtyla Biblioteca Karol Wojtyla Sala general 03/12/2013 Compra 151000000000000000030900 1 664.0240972 MU 85865 05/01/2026 30/10/2018 03/12/2013 Libro